[Event "Brasilia-ch 52nd"]
[Site "Brasilia"]
[Date "2012.08.18"]
[Round "3"]
[White "Campos, Westerley Batista"]
[Black "Domingos, Jonathan Meneses"]
[Result "0-1"]
[WhiteElo "1715"]
[BlackElo "2041"]
[PlyCount "64"]
[EventDate "2012.08.17"]
[EventType "tourn"]
[EventRounds "11"]
[EventCountry "BRA"]
[SourceTitle "CBM 150 Extra"]
[Source "ChessBase"]
[SourceDate "2012.10.19"]
[SourceVersion "1"]
[SourceVersionDate "2012.10.19"]
[SourceQuality "1"]

1. Nf3 d5 2. d4 Nf6 3. c4 e6 4. g3 Bb4+ 5. Nbd2 0-0 6. Bg2 c5 7. cxd5 exd5 8. dxc5 Bxc5 9. 0-0 Nc6 10. Nb3 Be7 11. Nbd4 Ne4 12. Nxc6 bxc6 13. Ne5 Qc7 14. Nd3 Bf5 15. Bf4 Bd6 16. Rc1 Bxf4 17. Nxf4 Qb6 18. Nd3 Rfe8 19. e3 Rac8 20. b4 Qa6 21. Qb3 Nd2 22. Nc5 Nxb3 23. Nxa6 Nxc1 24. Rxc1 Bd3 25. Nc5 Bc4 26. a4 Rb8 27. b5 cxb5 28. Na6 Rbc8 29. Nb4 bxa4 30. Ra1 Red8 31. Rxa4 Rb8 32. Bf1 Bb3 0-1

[Event "BRA-ch sf"]
[Site "Brasilia"]
[Date "2012.05.27"]
[Round "5"]
[White "Domingos, Jonathan Meneses"]
[Black "Nunes, Luiz Antonio Santos"]
[Result "1-0"]
[WhiteElo "1999"]
[BlackElo "1800"]
[PlyCount "67"]
[EventDate "2012.05.19"]
[EventType "swiss"]
[EventRounds "7"]
[EventCountry "BRA"]
[SourceTitle "CBM 148 Extra"]
[Source "ChessBase"]
[SourceDate "2012.06.22"]
[SourceVersion "1"]
[SourceVersionDate "2012.06.22"]
[SourceQuality "1"]

1. d4 Nf6 2. Nf3 e6 3. c4 b6 4. Nc3 Bb4 5. Qc2 Bb7 6. e3 c5 7. a3 Bxc3+ 8. Qxc3 0-0 9. Be2 Ne4 10. Qc2 f5 11. 0-0 d6 12. b4 Qe7 13. bxc5 bxc5 14. Rb1 Rf6 15. Qb3 Ba6 16. Bb2 Rg6 17. Ba1 Nc6 18. Qa4 Bb7 19. Rfd1 Nd8 20. d5 e5 21. Rb3 h5 22. Rdb1 h4 23. h3 Ng5 24. Kf1 Nxf3 25. Bxf3 e4 26. Bh5 Rh6 27. Qe8+ Qxe8 28. Bxe8 Ba6 29. Rb8 Bxc4+ 30. Kg1 Bxd5 31. Rxa8 Bxa8 32. Rb8 Bd5 33. Rxd8 Kh7 34. Rd7 1-0

[Event "BRA-ch sf"]
[Site "Brasilia"]
[Date "2012.05.20"]
[Round "3"]
[White "Domingos, Jonathan Meneses"]
[Black "Leandro, Haroldo Vasques"]
[Result "1-0"]
[WhiteElo "1999"]
[BlackElo "1820"]
[PlyCount "143"]
[EventDate "2012.05.19"]
[EventType "swiss"]
[EventRounds "7"]
[EventCountry "BRA"]
[SourceTitle "CBM 148 Extra"]
[Source "ChessBase"]
[SourceDate "2012.06.22"]
[SourceVersion "1"]
[SourceVersionDate "2012.06.22"]
[SourceQuality "1"]

1. d4 d5 2. Nf3 Nf6 3. c4 c6 4. Nc3 dxc4 5. a4 Bf5 6. e3 e6 7. Bxc4 Bb4 8. 0-0 0-0 9. h3 h6 10. Qe2 Bh7 11. Bd2 Nbd7 12. Rfd1 Nb6 13. Bd3 Bxd3 14. Qxd3 Bd6 15. e4 Bc7 16. e5 Nfd5 17. Ne4 Nd7 18. a5 Qe7 19. a6 Nb4 20. Bxb4 Qxb4 21. axb7 Qxb7 22. Qa6 Qb5 23. Rdc1 Qxa6 24. Rxa6 Nb8 25. Ra4 Rd8 26. Nc5 Bb6 27. Nd2 Nd7 28. Nxd7 Rxd7 29. Nb3 Re8 30. Rac4 Rc7 31. Kf1 Kf8 32. Ke2 Ke7 33. R1c3 Kd7 34. Rg3 Rg8 35. Kd3 Kc8 36. Nc5 Bxc5 37. Rxc5 Kd7 38. Kc2 Rb7 39. Rf3 Rf8 40. Rfc3 Rfb8 41. b3 Rb6 42. Ra5 R8b7 43. Rac5 Rc7 44. h4 Ra6 45. Kb2 Rb6 46. h5 Rb4 47. R3c4 Rcb7 48. Rxb4 Rxb4 49. Kc3 Rb5 50. Rc4 Ra5 51. Kb2 Rb5 52. Rc3 Rb4 53. Rd3 Rb8 54. Kc3 a5 55. Rg3 Rg8 56. Kc4 Kc7 57. Kc5 g6 58. Rf3 Rg7 59. hxg6 fxg6 60. Rf6 Kd7 61. Kb6 h5 62. Kxa5 g5 63. Rf8 h4 64. Ra8 Rg6 65. Ra7+ Ke8 66. Kb6 g4 67. Kxc6 Rh6 68. b4 h3 69. gxh3 gxh3 70. Ra1 Rh4 71. b5 Rxd4 72. b6 1-0

[Event "BRA-ch sf"]
[Site "Brasilia"]
[Date "2012.05.19"]
[Round "1"]
[White "Domingos, Jonathan Meneses"]
[Black "Magalhaes, Sebastiao Silva Jr"]
[Result "1-0"]
[WhiteElo "1999"]
[BlackElo "1778"]
[PlyCount "63"]
[EventDate "2012.05.19"]
[EventType "swiss"]
[EventRounds "7"]
[EventCountry "BRA"]
[SourceTitle "CBM 148 Extra"]
[Source "ChessBase"]
[SourceDate "2012.06.22"]
[SourceVersion "1"]
[SourceVersionDate "2012.06.22"]
[SourceQuality "1"]

1. d4 Nf6 2. Nf3 e6 3. c4 b6 4. g3 Bb7 5. Bg2 Bb4+ 6. Nbd2 0-0 7. 0-0 d5 8. Ne5 Bxd2 9. Bxd2 Nc6 10. Bg5 h6 11. Bxf6 gxf6 12. Nxc6 Bxc6 13. Qd2 Kh7 14. Rac1 Qd6 15. cxd5 Bxd5 16. Qc2+ Kg7 17. Qxc7 Qb4 18. Bxd5 exd5 19. Qc3 Qa4 20. a3 Qa6 21. Qd2 Rfe8 22. e3 Qb7 23. Rc3 Rac8 24. Rfc1 Rxc3 25. Qxc3 Re7 26. Qc6 Qxc6 27. Rxc6 Rd7 28. Kf1 h5 29. Ke2 Kg6 30. Kd3 Kg5 31. f3 f5 32. h4# 1-0

[Event "BRA-ch Amador"]
[Site "Brasilia"]
[Date "2012.03.24"]
[Round "1"]
[White "Freitas, Vilmar Rosa de"]
[Black "Domingos, Jonathan Meneses"]
[Result "0-1"]
[WhiteElo "1748"]
[BlackElo "1994"]
[PlyCount "126"]
[EventDate "2012.03.24"]
[EventType "swiss"]
[EventRounds "7"]
[EventCountry "BRA"]
[SourceTitle "EXT 2014"]
[Source "ChessBase"]
[SourceDate "2013.11.20"]
[SourceVersion "1"]
[SourceVersionDate "2013.11.20"]
[SourceQuality "1"]

1. c4 Nf6 2. d4 g6 3. Nc3 d5 4. e3 Bg7 5. Nf3 0-0 6. Be2 c5 7. 0-0 cxd4 8. exd4 Nc6 9. cxd5 Nxd5 10. Re1 Be6 11. Bf1 Qb6 12. Na4 Qc7 13. Nc5 Bg4 14. Be2 Nxd4 15. Nxd4 Bxe2 16. Rxe2 Qxc5 17. Nb3 Qd6 18. Bg5 e6 19. Qd2 Rfc8 20. Bh6 Rc4 21. Bxg7 Kxg7 22. Na5 Rc7 23. h4 Qb4 24. Qxb4 Nxb4 25. a3 Nd5 26. g3 Rac8 27. Rae1 b6 28. Nb3 Rc2 29. Nd4 Rxe2 30. Rxe2 Rc1+ 31. Kg2 a6 32. Kf3 b5 33. Ke4 Nb6 34. Rc2 Rxc2 35. Nxc2 Nc4 36. b4 Kf6 37. Kd4 Ke7 38. Kc5 Kd7 39. a4 Nd6 40. axb5 Nxb5 41. Ne3 Nc3 42. Kb6 Nd5+ 43. Nxd5 exd5 44. Kxa6 d4 45. b5 d3 46. b6 d2 47. b7 d1Q 48. b8Q Qa4+ 49. Kb7 Qb5+ 50. Ka8 Qxb8+ 51. Kxb8 f5 52. f4 Kd6 53. Kc8 Kd5 54. Kd7 Ke4 55. Ke6 Kf3 56. h5 Kxg3 57. h6 Kxf4 58. Kf6 g5 59. Kg7 g4 60. Kxh7 g3 61. Kg7 g2 62. h7 g1Q+ 63. Kf7 Qh2 0-1

[Event "Brasilia Almeida Vas Memorial 16th"]
[Site "Brasilia"]
[Date "2012.03.01"]
[Round "4"]
[White "Domingos, Jonathan Meneses"]
[Black "Alves Do Nascimento, Pedro Hen"]
[Result "1/2-1/2"]
[WhiteElo "1994"]
[BlackElo "1691"]
[PlyCount "46"]
[EventDate "2012.02.27"]
[EventType "swiss"]
[EventRounds "7"]
[EventCountry "BRA"]
[SourceTitle "CBM 147 Extra"]
[Source "ChessBase"]
[SourceDate "2012.04.24"]
[SourceVersion "1"]
[SourceVersionDate "2012.04.24"]
[SourceQuality "1"]

1. e4 c5 2. Nf3 Nc6 3. d4 cxd4 4. Nxd4 Nf6 5. Nc3 e5 6. Ndb5 d6 7. a4 a6 8. Na3 h6 9. Bd3 Bg4 10. f3 Be6 11. 0-0 Be7 12. Be3 0-0 13. Nc4 Rb8 14. Bb6 Qc8 15. Ne3 Nd7 16. Ncd5 Bg5 17. Nc4 Nxb6 18. Ncxb6 Qd8 19. Kh1 Nb4 20. a5 Bxd5 21. exd5 Be3 22. Nc4 Nxd3 23. Qxd3 Ba7 1/2-1/2

[Event "Brasilia Almeida Vas Memorial 16th"]
[Site "Brasilia"]
[Date "2012.02.27"]
[Round "1"]
[White "De Queiroz, Glauber Pimentel"]
[Black "Domingos, Jonathan Meneses"]
[Result "0-1"]
[WhiteElo "1815"]
[BlackElo "1994"]
[PlyCount "72"]
[EventDate "2012.02.27"]
[EventType "swiss"]
[EventRounds "7"]
[EventCountry "BRA"]
[SourceTitle "CBM 147 Extra"]
[Source "ChessBase"]
[SourceDate "2012.04.24"]
[SourceVersion "1"]
[SourceVersionDate "2012.04.24"]
[SourceQuality "1"]

1. d4 Nf6 2. Nf3 g6 3. c4 Bg7 4. Nc3 0-0 5. e4 d6 6. h3 e5 7. Be3 exd4 8. Nxd4 Nbd7 9. Qc2 Re8 10. 0-0-0 h6 11. g4 Kh7 12. f4 Qe7 13. Bg2 Nc5 14. Rhe1 c6 15. Bf2 Nfd7 16. Nde2 Nb6 17. b3 Be6 18. Bd4 a5 19. Bxg7 Kxg7 20. f5 Bxc4 21. Qd2 Nd3+ 22. Kb1 Nxe1 23. Rxe1 Bxe2 24. Nxe2 Qe5 25. g5 hxg5 26. Qxg5 a4 27. Rf1 a3 28. f6+ Kg8 29. Qd2 Qb2+ 30. Qxb2 axb2 31. Kxb2 d5 32. Ng3 dxe4 33. Nxe4 Nd5 34. Rf2 Nb4 35. Kb1 Rad8 36. Nc3 Re1+ 0-1

[Event "Brasiliense-ch 50th"]
[Site "Brasilia"]
[Date "2010.08.28"]
[Round "4.2"]
[White "Domingos, Jonathan Meneses"]
[Black "Shumyatsky, Victor"]
[Result "0-1"]
[WhiteElo "2034"]
[BlackElo "2332"]
[PlyCount "76"]
[EventDate "2010.08.17"]
[EventType "tourn"]
[EventRounds "13"]
[EventCountry "BRA"]
[SourceTitle "EXT 2022"]
[Source "ChessBase"]
[SourceDate "2021.10.06"]
[SourceVersion "1"]
[SourceVersionDate "2021.10.06"]
[SourceQuality "1"]

1. e4 c5 2. Nf3 Nc6 3. d4 cxd4 4. Nxd4 Nf6 5. Nc3 d6 6. Bg5 e6 7. Qd2 a6 8. 0-0-0 h6 9. Bxf6 Qxf6 10. f3 Qd8 11. Be2 Be7 12. Nb3 b5 13. f4 b4 14. Na4 Bd7 15. Qe3 Rb8 16. Nd2 Na5 17. b3 Bxa4 18. bxa4 Qd7 19. Nc4 Nxc4 20. Bxc4 0-0 21. Bb3 Qc6 22. h4 Rfe8 23. Qd3 Qc7 24. g4 d5 25. e5 f6 26. Rde1 fxe5 27. fxe5 Qc3 28. Qxc3 bxc3 29. Re3 Rec8 30. Kd1 Rb4 31. Rhh3 Rd4+ 32. Ke2 Bb4 33. Rhg3 Rf8 34. Rd3 Re4+ 35. Rde3 Rff4 36. Rxe4 Rxe4+ 37. Re3 Rxg4 38. a3 Ba5 0-1

[Event "Brasilia 50 years"]
[Site "Brasilia"]
[Date "2010.04.21"]
[Round "9.1"]
[White "Shumyatsky, Victor"]
[Black "Domingos, Jonathan Meneses"]
[Result "1/2-1/2"]
[WhiteElo "2288"]
[BlackElo "1994"]
[PlyCount "20"]
[EventDate "2010.04.17"]
[EventType "swiss"]
[EventRounds "9"]
[EventCountry "BRA"]
[SourceTitle "EXT 2022"]
[Source "ChessBase"]
[SourceDate "2021.10.06"]
[SourceVersion "1"]
[SourceVersionDate "2021.10.06"]
[SourceQuality "1"]

1. e4 c5 2. Nf3 e6 3. d4 cxd4 4. Nxd4 Nc6 5. Nc3 Qc7 6. Nb3 a6 7. Bd3 Nf6 8. 0-0 d6 9. f4 Be7 10. Bd2 0-0 1/2-1/2

[Event "Brasilia 50 years"]
[Site "Brasilia"]
[Date "2010.04.19"]
[Round "6.3"]
[White "Domingos, Jonathan Meneses"]
[Black "Lucena, Lincoln"]
[Result "1-0"]
[WhiteElo "1994"]
[BlackElo "2147"]
[PlyCount "85"]
[EventDate "2010.04.17"]
[EventType "swiss"]
[EventRounds "9"]
[EventCountry "BRA"]
[SourceTitle "EXT 2022"]
[Source "ChessBase"]
[SourceDate "2021.10.06"]
[SourceVersion "1"]
[SourceVersionDate "2021.10.06"]
[SourceQuality "1"]

1. e4 d6 2. d4 Nf6 3. Nc3 e5 4. Nf3 Nbd7 5. Bc4 Be7 6. 0-0 0-0 7. h3 a6 8. a4 b6 9. Qe2 c6 10. Rd1 Qc7 11. dxe5 dxe5 12. Bg5 Bb7 13. Ba2 b5 14. axb5 axb5 15. Bxf6 Nxf6 16. Qe3 h6 17. g4 b4 18. Ne2 c5 19. Ng3 c4 20. g5 hxg5 21. Nxg5 g6 22. Qf3 Nxe4 23. N5xe4 f5 24. Qe2 Rac8 25. Nd2 Ba6 26. Nf3 Bf6 27. Qd2 Bb7 28. Ng5 Qc6 29. f3 Rfd8 30. Qe3 Kg7 31. Nxf5+ gxf5 32. h4 f4 33. Qe2 Bxg5 34. hxg5 Qc5+ 35. Kg2 Rd4 36. Rxd4 exd4 37. Bxc4 Qxc4 38. Qe7+ Kg8 39. Qxb7 Qxc2+ 40. Kh3 Qf5+ 41. Kh4 Kh8 42. Ra6 Qh7+ 43. Rh6 1-0

[Event "Brasilia 50 years"]
[Site "Brasilia"]
[Date "2010.04.18"]
[Round "4.6"]
[White "Maio Guedes, Luis Augusto"]
[Black "Domingos, Jonathan Meneses"]
[Result "0-1"]
[WhiteElo "1935"]
[BlackElo "1994"]
[PlyCount "60"]
[EventDate "2010.04.17"]
[EventType "swiss"]
[EventRounds "9"]
[EventCountry "BRA"]
[SourceTitle "EXT 2022"]
[Source "ChessBase"]
[SourceDate "2021.10.06"]
[SourceVersion "1"]
[SourceVersionDate "2021.10.06"]
[SourceQuality "1"]

1. e4 c5 2. Nf3 e6 3. d4 cxd4 4. Nxd4 Nc6 5. Be3 a6 6. Bd3 Qc7 7. Nc3 Nf6 8. Qe2 Bb4 9. 0-0 0-0 10. Nxc6 bxc6 11. Bg5 Ne8 12. e5 d5 13. f4 Be7 14. Bxe7 Qxe7 15. Qh5 g6 16. Qh6 Rb8 17. Na4 c5 18. Rf3 c4 19. Rh3 f5 20. Be2 Bd7 21. Nc3 Rxb2 22. Nd1 Rxc2 23. Kf1 d4 24. Rb1 Bb5 25. a4 Bxa4 26. Rb6 Nc7 27. Rb7 Bc6 28. Qxh7+ Qxh7 29. Rxh7 Bxb7 30. Rxc7 Bxg2+ 0-1

[Event "Brasilia IRT Carnaval"]
[Site "Brasilia"]
[Date "2010.02.15"]
[Round "7.2"]
[White "Domingos, Jonathan Meneses"]
[Black "Wilhelms, Diego Lima"]
[Result "0-1"]
[WhiteElo "1994"]
[BlackElo "2126"]
[PlyCount "68"]
[EventDate "2010.02.12"]
[EventType "swiss"]
[EventRounds "7"]
[EventCountry "BRA"]
[SourceTitle "EXT 2022"]
[Source "ChessBase"]
[SourceDate "2021.10.06"]
[SourceVersion "1"]
[SourceVersionDate "2021.10.06"]
[SourceQuality "1"]

1. d4 d5 2. c4 c6 3. Nc3 Nf6 4. e3 e6 5. Nf3 Nbd7 6. Qc2 Bd6 7. Bd3 dxc4 8. Bxc4 0-0 9. 0-0 e5 10. Rd1 Qc7 11. h3 Re8 12. dxe5 Nxe5 13. Be2 Nxf3+ 14. Bxf3 Re5 15. e4 Rc5 16. Be3 Ra5 17. a3 Bf4 18. e5 Bxe5 19. b4 Bf5 20. Qb3 Ra6 21. Be2 b5 22. Rac1 Qe7 23. Bd4 Bf4 24. Ra1 Re8 25. Bf3 Bb8 26. Ne2 Ne4 27. Bxe4 Bxe4 28. Ng3 Bd5 29. Qc3 Qg5 30. Qd3 Ra4 31. Re1 Re6 32. Rxe6 fxe6 33. Qe3 Qxe3 34. fxe3 Bxg3 0-1

[Event "Brasilia IRT Carnaval"]
[Site "Brasilia"]
[Date "2010.02.15"]
[Round "6.4"]
[White "Soares, Estevao Luiz"]
[Black "Domingos, Jonathan Meneses"]
[Result "0-1"]
[WhiteElo "2036"]
[BlackElo "1994"]
[PlyCount "78"]
[EventDate "2010.02.12"]
[EventType "swiss"]
[EventRounds "7"]
[EventCountry "BRA"]
[SourceTitle "EXT 2022"]
[Source "ChessBase"]
[SourceDate "2021.10.06"]
[SourceVersion "1"]
[SourceVersionDate "2021.10.06"]
[SourceQuality "1"]

1. d4 d5 2. c4 c6 3. Nc3 Nf6 4. Bg5 e6 5. cxd5 exd5 6. e3 h6 7. Bh4 Nbd7 8. Bd3 Be7 9. Nf3 0-0 10. a3 a5 11. 0-0 Re8 12. Rb1 Ne4 13. Bxe7 Qxe7 14. Qc2 f5 15. Nd2 Ndf6 16. b4 Ng4 17. Nf3 axb4 18. axb4 Ra3 19. Nd1 Bd7 20. h3 Ngf6 21. Ne5 g5 22. b5 c5 23. Bxe4 fxe4 24. Nxd7 Nxd7 25. dxc5 Qxc5 26. Qe2 Ne5 27. Qh5 Re6 28. Nb2 Nd3 29. Qg4 Rf6 30. Nxd3 exd3 31. Rbc1 Rc3 32. Ra1 d2 33. Ra8+ Kg7 34. Qd7+ Rf7 35. Qe8 Rc1 36. Qh8+ Kg6 37. Rg8+ Kf5 38. g4+ Ke4 39. Re8+ Kf3 0-1

[Event "Brasilia IRT Carnaval"]
[Site "Brasilia"]
[Date "2010.02.14"]
[Round "5.5"]
[White "Domingos, Jonathan Meneses"]
[Black "Ribeiro, Valdir Uchoa Jr"]
[Result "1-0"]
[WhiteElo "1994"]
[BlackElo "1967"]
[PlyCount "53"]
[EventDate "2010.02.12"]
[EventType "swiss"]
[EventRounds "7"]
[EventCountry "BRA"]
[SourceTitle "EXT 2022"]
[Source "ChessBase"]
[SourceDate "2021.10.06"]
[SourceVersion "1"]
[SourceVersionDate "2021.10.06"]
[SourceQuality "1"]

1. d4 Nf6 2. Nf3 d5 3. c4 dxc4 4. e3 e6 5. Bxc4 c5 6. 0-0 Nbd7 7. Nc3 cxd4 8. exd4 Be7 9. Bf4 a6 10. a4 Nb6 11. Bb3 Nbd5 12. Bg3 0-0 13. Qe2 b6 14. Rac1 Bb7 15. Rfd1 Rc8 16. Bc4 Ra8 17. Ne5 Bb4 18. Bd3 Be7 19. Nxd5 Bxd5 20. Nc6 Qd7 21. Nxe7+ Qxe7 22. Bxa6 Ne4 23. Bd3 Nxg3 24. hxg3 Rxa4 25. Bxh7+ Kxh7 26. Qc2+ Kg8 27. Qxa4 1-0